00885nam a2200205Ia 4500003000900000008004100009020001800050040001600068080002000084111009900104245027500203260006300478300001500541650001400556650001800570650001800588700002500606700002500631700002300656IN-BaIIA211028s9999 xx 000 0 eng d a4-9980848-0-1 cIIA Library a524(082.2)bHIR aVSOP Symposium on Astrophysical Phenomena Revealed by Space VLBIcISAS, Japand2000 Jan. 19-21 0aAstrophysical phenomena revealed by space VLBIbproceedings of the VSOP symposium on astrophysical phenomena revealed by space VLBI, held in ISAS, Japan, 19-21 Jan 2000cedited by H. Hirabayashi, P. G. Edwards and D. W. Murphy  aJapanbInstitute of Space and Astronautical Sciencesc2000 axxi, 329p. aAstronomy aRadioactivity aRadioisotopes aEdwards, P. G., ed.  aHirabayashi, H., ed. aMurphy, D. W., ed.